Casos de éxito en marketing

Պահպանված է:
Մատենագիտական մանրամասներ
Համատեղ հեղինակ: BusinessWeek (Հեղինակ)
Ձևաչափ: Գիրք
Լեզու:իսպաներեն
Հրապարակվել է: Ciudad de México McGraw-Hill 2007
Շարք:Marketing: Guía de Innovación, Ideas y Planes de Acción
Խորագրեր:
Ցուցիչներ: Ավելացրեք ցուցիչ
Չկան պիտակներ, Եղեք առաջինը, ով նշում է այս գրառումը!

MARC

LEADER 00000nam a2200000 a 4500
001 UCH5795
003 CL-VaPUC
008 091029e20070000MX |||||||||||||||||spa|d
020 |a 9789701062784 
082 0 4 |a 658.8  |b BUS  |2 21 
110 2 |a BusinessWeek  |e author  |9 542124 
245 1 0 |a Casos de éxito en marketing 
300 |a 169 p 
942 |c BK 
945 |d 20091029 00:00:00  |a rbrito 
260 |a Ciudad de México  |b McGraw-Hill  |c 2007 
650 0 |a Marketing  |9 259324 
650 0 |a Publicidad  |9 314572 
650 0 |a Marcas comerciales   |9 386702 
650 0 |a Planificación estratégica   |9 259735 
650 7 |a HABILIDAD EJECUTIVA  |2 CL-VaPUC  |9 520225 
583 |a last modification  |c 20091029 00:00:00  |k Rodrigo Vera 
490 0 |a Marketing: Guía de Innovación, Ideas y Planes de Acción 
999 |c 336842  |d 336840 
952 |0 0  |1 0  |4 0  |6 658_800000000000000_BUS_2007  |7 0  |8 A  |9 428826  |a BIBENE  |b BIBENE  |d 2019-11-22  |i 4613090  |o 658.8 BUS 2007  |p 4613090  |r 2025-01-15  |w 2019-11-22  |y BK  |k ICO